Důvěra v měnu trvá. Rozhovor s viceguvernérem Státní banky československé Ing. Janem Vítem.

Odpovede na otázky, ako sa darilo plniť v prvom polroku ciele menovej politiky stanovenej na rok 1992, prečo sa odďaľuje zrušenie úverových limitov pre obchodné banky, čo je obmedzujúcim prvkom pri poskytovaní úverov v súvislosti s privatizáciou, aký vývoj sa predpokladá v oblasti znižovania úrokový...

Ausführliche Beschreibung

Gespeichert in:
Bibliographische Detailangaben
1. Verfasser: Vít, J.
Weitere Verfasser: Šatavová, I.
Format: Buchkapitel
Sprache:Tschechisch
Schlagworte:
Tags: Tag hinzufügen
Keine Tags, Fügen Sie das erste Tag hinzu!

MARC

LEADER 00000naa a2200000 4500
001 r008967
005 20220831090142.5
041 0 |a cze 
044 |a [CS] 
245 1 0 |a Důvěra v měnu trvá.  |b Rozhovor s viceguvernérem Státní banky československé Ing. Janem Vítem.  |c J. Vít, I. Šatavová 
520 |a Odpovede na otázky, ako sa darilo plniť v prvom polroku ciele menovej politiky stanovenej na rok 1992, prečo sa odďaľuje zrušenie úverových limitov pre obchodné banky, čo je obmedzujúcim prvkom pri poskytovaní úverov v súvislosti s privatizáciou, aký vývoj sa predpokladá v oblasti znižovania úrokových mier, aké sú problémy vo vzťahu menovej a rozpočtovej politiky, či sú oprávnené obavy z menovej reformy a či je reálna ďalšia devalvácia Kčs. 
610 2 0 |a politika menová 
610 2 0 |a úver 
610 2 0 |a sadzby úrokové 
610 2 0 |a vklady 
610 2 0 |a kurz menový 
610 2 0 |a privatizácia 
610 2 0 |a ČSFR 
100 1 |a Vít, J. 
700 1 |a Šatavová, I.